Flowmeters: a basic guide and source-book for users
Guardat en:
| Autor principal: | |
|---|---|
| Format: | Llibre |
| Idioma: | anglès |
| Publicat: |
Londres
Macmillan
1979
|
| Matèries: | |
| Etiquetes: |
Afegir etiqueta
Sense etiquetes, Sigues el primer a etiquetar aquest registre!
|
MARC
| LEADER | 00000nam a2200000 a 4500 | ||
|---|---|---|---|
| 001 | UCU3775 | ||
| 003 | CL-VaPUC | ||
| 008 | 960510e19790000UK |||||||||||||||||eng|d | ||
| 082 | 0 | 4 | |a 681.2 |b HAY |2 21 |
| 100 | 0 | |a Hayward, Alan T |e author |9 360894 | |
| 245 | 1 | 0 | |a Flowmeters: a basic guide and source-book for users |
| 300 | |a 197 p | ||
| 942 | |c BK | ||
| 945 | |d 19960510 00:00:00 |a paguirre | ||
| 260 | |a Londres |b Macmillan |c 1979 | ||
| 650 | 7 | |a FLUJOMETROS |2 CL-VaPUC |9 360895 | |
| 650 | 7 | |a INSTRUMENTOS DE MEDIDA |2 CL-VaPUC |9 262517 | |
| 650 | 7 | |a CORRIENTE DE FLUIDOS |2 CL-VaPUC |9 360034 | |
| 650 | 0 | |a Mecánica de fluidos |9 259464 | |
| 583 | |a last modification |c 19960510 00:00:00 |k Rodrigo Vera | ||
| 999 | |c 247665 |d 247663 | ||
| 952 | |0 0 |1 0 |4 0 |6 681_200000000000000_HAY_1979 |7 0 |8 A |9 263735 |a BIBING |b BIBING |d 2019-11-19 |i 1656287 |o 681.2 HAY 1979 |p 1656287 |r 2025-01-20 |w 2019-11-19 |y BK |k EIQ | ||